Sports Quiz

Random Sports Quiz

400 yard passing games by quarterbacks Quiz Stats

 Plays Quiz not verified by Sporcle

Challenge
Share
Tweet
Embed
Score 0/253 Timer 10:00
0 Plays Today
Year Quarterback % Correct
1984Dan Marino
98.9%
1984Dan Marino
98.9%
1984Dan Marino
98.9%
1984Dan Marino
98.9%
1985Dan Marino
98.9%
1986Dan Marino
98.9%
1986Dan Marino
98.9%
1986Dan Marino
98.9%
1988Dan Marino
98.9%
1988Dan Marino
98.9%
1989Dan Marino
98.9%
1994Dan Marino
98.9%
1994Dan Marino
98.9%
1995Dan Marino
98.9%
1995Dan Marino
98.9%
1999Peyton Manning
98.9%
2000Peyton Manning
98.9%
2001Peyton Manning
98.9%
2003Peyton Manning
98.9%
2004Peyton Manning
98.9%
2004Peyton Manning
98.9%
2005Peyton Manning
98.9%
2006Peyton Manning
98.9%
2006Drew Brees
98.9%
2007Drew Brees
98.9%
2008Peyton Manning
98.9%
2008Drew Brees
98.9%
2008Drew Brees
98.9%
2009Drew Brees
98.9%
2010Peyton Manning
98.9%
2011Drew Brees
98.9%
2011Drew Brees
98.9%
2011Eli Manning
98.9%
2011Eli Manning
98.9%
2011Eli Manning
98.9%
2011Drew Brees
98.9%
2012Drew Brees
98.9%
1992Steve Young
97.8%
1993Steve Young
97.8%
1993Brett Favre
97.8%
1995Steve Young
97.8%
2002Matt Hasselbeck
97.8%
2002Matt Hasselbeck
97.8%
2004Matt Hasselbeck
97.8%
2006Carson Palmer
97.8%
2007Carson Palmer
97.8%
2009Matthew Stafford
97.8%
2010Aaron Rodgers
97.8%
2010Carson Palmer
97.8%
2010Brett Favre
97.8%
2010Aaron Rodgers
97.8%
2011Aaron Rodgers
97.8%
2011Matthew Stafford
97.8%
2012Matthew Stafford
97.8%
2012Carson Palmer
97.8%
2002Tom Brady
96.8%
2004Donovan McNabb
96.8%
2006Ben Roethlisberger
96.8%
2009Philip Rivers
96.8%
2009Ben Roethlisberger
96.8%
2009Donovan McNabb
96.8%
2009Ben Roethlisberger
96.8%
2010Donovan McNabb
96.8%
2010Philip Rivers
96.8%
2010Philip Rivers
96.8%
2011Tom Brady
96.8%
2011Tom Brady
96.8%
2011Vince Young
96.8%
1994Drew Bledsoe
95.7%
1994Drew Bledsoe
95.7%
1996Drew Bledsoe
95.7%
1998Drew Bledsoe
95.7%
2002Drew Bledsoe
95.7%
2002Drew Bledsoe
95.7%
2008Matt Schaub
95.7%
2010Matt Schaub
95.7%
2011Matt Schaub
95.7%
1982Joe Montana
94.6%
1985Joe Montana
94.6%
1986Joe Montana
94.6%
1989Joe Montana
94.6%
1989Joe Montana
94.6%
1990Joe Montana
94.6%
1990Joe Montana
94.6%
2000Kurt Warner
94.6%
Year Quarterback % Correct
2000Kurt Warner
94.6%
2001Kurt Warner
94.6%
2004Daunte Culpepper
94.6%
2004Daunte Culpepper
94.6%
2007Kurt Warner
94.6%
2008Kurt Warner
94.6%
2010Tony Romo
94.6%
2011Michael Vick
93.5%
1999Jeff Garcia
92.5%
2000Jeff Garcia
92.5%
2002Marc Bulger
92.5%
2003Steve McNair
92.5%
2004Marc Bulger
92.5%
2005Marc Bulger
92.5%
2005Marc Bulger
92.5%
2008Matt Cassel
92.5%
2008Matt Cassel
92.5%
2010Matt Cassel
92.5%
1985John Elway
91.4%
1998Jake Plummer
91.4%
1998John Elway
91.4%
2000Trent Green
91.4%
2003Trent Green
91.4%
2004Jake Plummer
91.4%
2010Kyle Orton
91.4%
2010Kyle Orton
91.4%
2011Cam Newton
91.4%
2011Cam Newton
91.4%
1989Warren Moon
90.3%
1990Warren Moon
90.3%
1991Warren Moon
90.3%
1991Warren Moon
90.3%
1994Warren Moon
90.3%
1994Warren Moon
90.3%
1997Warren Moon
90.3%
1975Ken Anderson
89.2%
1982Ken Anderson
89.2%
1986Boomer Esiason
89.2%
1987Boomer Esiason
89.2%
1988Vinny Testaverde
89.2%
1990Boomer Esiason
89.2%
1996Mark Brunell
89.2%
1996Mark Brunell
89.2%
1996Vinny Testaverde
89.2%
1996Boomer Esiason
89.2%
1998Vinny Testaverde
89.2%
2000Vinny Testaverde
89.2%
1980Dan Fouts
88.2%
1982Dan Fouts
88.2%
1982Dan Fouts
88.2%
1982Dan Fouts
88.2%
1984Dan Fouts
88.2%
1985Dan Fouts
88.2%
1985Dan Fouts
88.2%
2008Jay Cutler
87.1%
1963Charley Johnson
86%
1974Charley Johnson
86%
1988Randall Cunningham
86%
1989Randall Cunningham
86%
1989Randall Cunningham
86%
1990Jim Kelly
86%
1992Jim Kelly
86%
1998Randall Cunningham
86%
1999Brad Johnson
86%
2012Matt Flynn
86%
1965Fran Tarkenton
83.9%
2001Jon Kitna
82.8%
2002Rich Gannon
82.8%
2007Jon Kitna
82.8%
1984Phil Simms
81.7%
1985Phil Simms
81.7%
1985Phil Simms
81.7%
1998Troy Aikman
81.7%
2011Chad Henne
81.7%
1980Doug Williams
80.6%
1988Doug Williams
80.6%
1967Joe Namath
79.6%
1972Joe Namath
79.6%
1972Joe Namath
79.6%
1983Joe Theismann
79.6%
2008Brian Griese
79.6%
1986Bernie Kosar
78.5%
1986Bernie Kosar
78.5%
1987Bernie Kosar
78.5%
2000Aaron Brooks
73.1%
Year Quarterback % Correct
1967Johnny Unitas
72%
1989Mark Rypien
72%
1991Mark Rypien
72%
1983Dave Krieg
71%
1984Dave Krieg
71%
1985Dave Krieg
71%
1988Dave Krieg
71%
1995Dave Krieg
71%
2001Chris Chandler
69.9%
1962Y. A. Tittle
68.8%
1989Jim Everett
68.8%
2000Elvis Grbac
67.7%
1986Ken O'Brien
65.6%
1986Ken O'Brien
65.6%
2004Billy Volek
63.4%
2004Billy Volek
63.4%
1984Neil Lomax
61.3%
1986Tony Eason
61.3%
1987Neil Lomax
61.3%
1995Scott Mitchell
60.2%
2002Tommy Maddox
60.2%
1986Steve Grogan
58.1%
1961Sonny Jurgensen
57%
1961George Blanda
57%
1961George Blanda
57%
1961Sonny Jurgensen
57%
1962Sonny Jurgensen
57%
1965Sonny Jurgensen
57%
1967Sonny Jurgensen
57%
1981Brian Sipe
57%
1980Tommy Kramer
55.9%
1981Tommy Kramer
55.9%
1985Tommy Kramer
55.9%
1986Tommy Kramer
55.9%
1964Len Dawson
54.8%
2000Jeff George
54.8%
1948Sammy Baugh
52.7%
2006Matt Leinart
52.7%
1952Otto Graham
51.6%
1981Steve Bartkowski
50.5%
1943Sid Luckman
49.5%
1993Steve Beuerlein
49.5%
2003Kelly Holcomb
49.5%
2004Kelly Holcomb
49.5%
2006Joey Harrington
49.5%
2006Chris Weinke
48.4%
1980Lynn Dickey
47.3%
1992Jeff Hostetler
46.2%
1999Jim Harbaugh
45.2%
2000Gus Frerotte
45.2%
1999Jim Miller
44.1%
1968Daryle Lamonica
43%
1963Don Meredith
41.9%
1966Don Meredith
41.9%
1958Bobby Layne
40.9%
1980Richard Todd
40.9%
1983Richard Todd
40.9%
1983Joe Ferguson
40.9%
1997Tony Banks
39.8%
1986Jay Schroeder
38.7%
2001Charlie Batch
38.7%
2004Tim Rattay
38.7%
1982Vince Ferragamo
37.6%
1983Bill Kenney
31.2%
1951Norm Van Brocklin
30.1%
1963Norm Snead
28%
1982Don Strock
28%
1981David Woodley
26.9%
1969Joe Kapp
23.7%
1963Tom Flores
20.4%
1964Babe Parilli
20.4%
1998Glenn Foley
20.4%
1976James Harris
19.4%
1962Bill Wade
12.9%
1962Frank Tripucka
10.8%
1987Tom Ramsey
10.8%
1949Johnny Lujack
8.6%
1964Cotton Davidson
8.6%
1961Jacky Lee
7.5%
1948Jim Hardy
6.5%
1953Bobby Thomason
6.5%
1968Pete Beathard
5.4%
1969Don Horn
4.3%

You're not logged in!

Compare scores with friends on all Sporcle quizzes.
Join for Free
OR
Log In

You Might Also Like...

Show Comments

Extras

Created Jan 15, 2012ReportNominate
Tags:400, passing, Quarterbacks, team, yard

Top Quizzes Today


Score Distribution

Your Account Isn't Verified!

In order to create a playlist on Sporcle, you need to verify the email address you used during registration. Go to your Sporcle Settings to finish the process.

Report this User

Report this user for behavior that violates our Community Guidelines.

Details: